=LDR 00000nam 2200000 4500 =001 INLIS000000000013969 =005 20200917073006 =035 ##$$a 0010-061300000013969 =008 200917################g##########0#ind## =041 ##$$a Ind =082 ##$$a 2x0 =090 ##$$a 2x0, Pra i =100 ##$$a Prasetyo, Hendro =245 1#$$a Islam dan civil society pandangan muslim Indonesia /$c Hendro Prasetyo, Ali Munhanif =260 ##$$a Jakarta :$b Gramedia Pustaka Utama,$c 2002 =300 ##$$a viii, 322 hlm ; $c 19 x 13 cm =650 #4$$a Islam - Indonesia =850 ##$$a NBPNMAT =084 ##$$a 2x0 PRA i =504 ##$$a Bibliografi: halaman 311-322 =990 ##$$a 10406015 =990 ##$$a 10406013